Payroll acounting
Spremljeno u:
| Glavni autor: | |
|---|---|
| Format: | Knjiga |
| Jezik: | Undetermined |
| Izdano: |
Mason, OH
Thomson/South-Western
2007
|
| Teme: | |
| Oznake: |
Dodaj oznaku
Bez oznaka, Budi prvi tko označuje ovaj zapis!
|
| Thư viện lưu trữ: | Trung tâm Học liệu Trường Đại học Cần Thơ |
|---|
| LEADER | 00608nam a2200205Ia 4500 | ||
|---|---|---|---|
| 001 | CTU_213996 | ||
| 008 | 210402s9999 xx 000 0 und d | ||
| 082 | |a 657.74 | ||
| 082 | |b B586 | ||
| 100 | |a Bieg, Bernard J | ||
| 245 | 0 | |a Payroll acounting | |
| 245 | 0 | |c Bernard J. Beig | |
| 260 | |a Mason, OH | ||
| 260 | |b Thomson/South-Western | ||
| 260 | |c 2007 | ||
| 650 | |a Wages,Wages,Payrolls | ||
| 650 | |x Accounting.,Accounting,Computer programs,Data processing. | ||
| 904 | |i Tuyến | ||
| 910 | |a Sách kèm đĩa AVA.000011, AVA.000012 | ||
| 980 | |a Trung tâm Học liệu Trường Đại học Cần Thơ | ||